000 01647cam a22004335i 4500
999 _c21595
_d21567
001 17198491
003 EG-ScBUE
005 20201128023716.0
008 120307s2013 enka f bd 001 0 eng d
020 _a9780415677479
020 _a0415677475
040 _aDLC
_beng
_erda
_cDLC
_dEG-ScBUE
_dEG-ScBUE
082 0 4 _a808.042
_bMON
_222
100 1 _aMontgomery, Martin,
_eauthor.
245 1 0 _aWays of reading :
_badvanced reading skills for students of English literature /
_cMartin Montgomery [and three other].
250 _aFourth edition.
264 1 _aAbingdon, Oxon ;
_aNew York :
_bRoutledge / Taylor & Francis Group,
_c2013.
300 _aix, 374 pages :
_billustrations ;
_c26 cm
336 _atext
_btxt
_2rdacontent
337 _aunmediated
_bn
_2rdamedia
338 _avolume
_bnc
_2rdacarrier
500 _aGlossary : p. [337]-357.
504 _aIncludes bibliographical references and index.
520 _aProvides readers with the tools to analyse and interpret the meanings of literary and non-literary texts.
650 7 _aEnglish literature
_xHistory and criticism
_xTheory, etc.
_2BUEsh
_939793
650 7 _aDiscourse analysis, Literary.
_2BUEsh
_940654
650 7 _aReading (Higher education).
_2BUEsh
_914348
650 7 _aReading comprehension.
_2BUEsh
_913995
650 7 _aBooks and reading.
_2BUEsh
_928974
650 7 _aCollege readers.
_2BUEsh
_91110
651 _2BUEsh
653 _cApril2016
653 _bHHUUEENN
_cAugust 2016
653 _bHHUUEENN
_cOctober2016
700 1 _aDurant, Alan,
_eauthor.
700 1 _aFurniss, Tom,
_eauthor.
_941300
700 1 _aMills, Sara,
_eauthor.
942 _2ddc
_cBB